000 00861nmm a2200289 a 4500
003 AR-BaBNM
005 20251128210318.0
008 179119s1997 ||||||||||||||000 | spa||
020 _a987-95464-6-6
040 _cAR-BaBNM
100 1 _aCarbone, Graciela María
245 1 0 _aEl libro de texto en la escuela
_bel texto y los actores sociales de la educación. 1
260 _aBuenos Aires
_bUniversidad Nacional de Luján. Departamento de Educación
_c1997
300 _a110 P.
_btablas
504 _aContiene bibliografía p. 105-110
650 4 _aLIBROS DE TEXTO
650 4 _aINFORME DE INVESTIGACION
650 4 _aPADRES
650 4 _aDOCENTES
650 4 _aALUMNOS
650 4 _aTECNOLOGIA EDUCATIVA
651 4 _aArgentina
653 _aINVESTIGACION EDUCATIVA
700 1 _aRodríguez, Luis María
942 _cBK
998 _cRaquel
999 _c14905
_d14905